Manual de mediación

Uloženo v:
Podrobná bibliografie
Hlavní autor: Schilling, Mario (Autor)
Médium: Kniha
Jazyk:španělština
Vydáno: Santiago Cuatro Vientos 2002
Témata:
Tagy: Přidat tag
Žádné tagy, Buďte první, kdo vytvoří štítek k tomuto záznamu!

MARC

LEADER 00000nam a2200000 a 4500
001 UCL4897
003 CL-VaPUC
008 040227e20020000CL |||||||||||||||||spa|d
020 |a 9562420787 
082 0 4 |a 303.69  |b SCH  |2 21 
100 0 |a Schilling, Mario  |e author  |9 482608 
245 1 0 |a Manual de mediación 
300 |a 169 p 
942 |c BK 
945 |d 20040227 00:00:00  |a cmena 
260 |a Santiago  |b Cuatro Vientos  |c 2002 
650 0 |a Mediación  |9 338396 
650 0 |a Solución de conflictos  |9 266729 
583 |a last modification  |c 20040227 00:00:00  |k Rodrigo Vera 
999 |c 307652  |d 307650 
952 |0 0  |1 0  |4 0  |6 303_690000000000000_SCH_2002  |7 0  |8 A  |9 373700  |a BIBEDU  |b BIBEDU  |d 2019-11-21  |i 3986764  |o 303.69 SCH 2002  |p 3986764  |r 2019-11-21  |w 2019-11-21  |y BK  |k EBA